|
|
|
|
| LEADER |
00920cam a2200241 7i4500 |
| 001 |
0000054005 |
| 005 |
20230327090000.0 |
| 020 |
|
|
|a 9783319543499 (electronic book)
|
| 090 |
0 |
0 |
|a HV9304
|b .K73 2017
|
| 100 |
1 |
|
|a Kratcoski, Peter C
|
| 245 |
1 |
0 |
|a Correctional counseling and treatment
|c Peter C. Kratcoski.
|
| 300 |
|
|
|a 1 online resource (xxiii, 314 pages):
|b text file, PDF.
|
| 336 |
|
|
|a text
|2 rdacontent
|
| 337 |
|
|
|a computer
|2 rdamedia
|
| 338 |
|
|
|a online resource
|2 rdacarrier
|
| 650 |
|
0 |
|a Prisoners --
|x Counseling of
|
| 650 |
|
0 |
|a Criminals --
|x Rehabilitation --
|z United States
|
| 650 |
|
0 |
|a Correctional psychology --
|z United States
|
| 655 |
|
0 |
|a Electronic books
|
| 856 |
4 |
2 |
|u http://library.unisel.edu.my/web/guest/mylibrary
|
| 997 |
|
|
|a Education & Social Sciences, Faculty
|b Social Sciences, Department
|
| 998 |
|
|
|a Industrial Psychology, Degree
|
| 999 |
|
|
|a EBO0000403
|b EBOOK
|c EBOOK
|e Electronic resources
|